logo

Bir Sreshtho Munshi Abdur Rouf Library
Jhenaidah Cadet College

সায়েন্স ফিকশন: (Record no. 11882)

MARC details
000 -LEADER
fixed length control field 00775nam a2200229 a 4500
001 - CONTROL NUMBER
JCCL Control Number 11882
003 - CONTROL NUMBER IDENTIFIER
JCCL marc code BD-JhCC
005 - DATE AND TIME OF LATEST TRANSACTION
control field 20220228134022.0
008 - FIXED-LENGTH DATA ELEMENTS--GENERAL INFORMATION
fixed length control field 201123s2018 bg |||| ||a| 000 0 ben d
020 ## - INTERNATIONAL STANDARD BOOK NUMBER
International Standard Book Number 9789846341218
035 ## - SYSTEM CONTROL NUMBER
system control number (BD-JhCC)11882
040 ## - CATALOGING SOURCE
Original cataloging agency BD-JhCC
Modifying agency BD-JhCC
041 ## - LANGUAGE CODE
Language code of Book ben
082 ## - DEWEY DECIMAL CLASSIFICATION NUMBER
Classification number 891.3
Author mark and Year KAM 2018
100 ## - MAIN ENTRY--PERSONAL NAME
Personal name কামাল, মোস্তফা
245 ## - TITLE STATEMENT
Title সায়েন্স ফিকশন:
Remainder of title বিজ্ঞানী লীরা ও এলিয়েন /
Statement of responsibility, etc মোস্তফা কামাল ।
260 ## - PUBLICATION, DISTRIBUTION, ETC. (IMPRINT)
Place of publication, distribution, etc ঢাকা:
Name of publisher, distributor, etc পাঞ্জেরী পাবলিকেশন লি;
Date of publication, distribution, etc ২০১৮.
300 ## - PHYSICAL DESCRIPTION
Pagination 88 p. :
Dimensions 22 cm.
650 ## - SUBJECT ADDED ENTRY--TOPICAL TERM
Topical term or geographic name as entry element Bengali Science Fiction
942 ## - ADDED ENTRY ELEMENTS (KOHA)
Source of classification or shelving scheme Dewey Decimal Classification
Koha item type Books
Koha issues (borrowed), all copies 4
Holdings
Source of classification or shelving scheme Damaged status Not for loan Home library Current library Shelving location Date of accession Source of acquisition Cost, normal purchase price Total Checkouts Full call number Barcode Date last seen Date checked out Copy number Koha item type
Dewey Decimal Classification     JCC Rouf Library JCC Rouf Library General Stacks 11/23/2020 Lt. Gen. Mahfuzur Rahman (10th intake) 135.00 6 891.3 KAM 2018 16247 04/10/2025 01/23/2025 C-1 Books

JCC Library | Contacts | JCC Home

Last Update on 23 September 2017
Copyright @ 2017-2020 JCC Rouf Library
Rouf Library, Jhenidah Cadet College (JCC), Bangladesh